[Event "CRO-chT4A Center"]
[Site "Zagreb"]
[Date "2010.10.17"]
[Round "8.35"]
[White "Vukovojac, Vedran"]
[Black "Dol, Ivan"]
[Result "1/2-1/2"]
[WhiteElo "1898"]
[BlackElo "2001"]
[PlyCount "50"]
[EventDate "2010.03.21"]
[EventType "team-tourn"]
[EventRounds "11"]
[EventCountry "CRO"]
[SourceTitle "EXT 2012"]
[Source "ChessBase"]
[SourceDate "2011.11.24"]
[SourceVersion "1"]
[SourceVersionDate "2011.11.24"]
[SourceQuality "1"]

1. Nf3 Nf6 2. c4 e6 3. Nc3 Bb4 4. Qc2 d5 5. e3 0-0 6. a3 Bxc3 7. Qxc3 Nbd7 8. b4 c5 9. Bb2 Qe7 10. Be2 b6 11. 0-0 Bb7 12. d4 cxb4 13. Qxb4 Qxb4 14. axb4 dxc4 15. Bxc4 Rfc8 16. Rfc1 a5 17. bxa5 bxa5 18. Nd2 h6 19. f3 Nd5 20. Kf2 N7b6 21. Bb5 Rxc1 22. Rxc1 a4 23. Ba3 Ba6 24. Bxa6 Rxa6 25. Ke2 Ra8 1/2-1/2

[Event "CRO-chT3"]
[Site "Zagreb"]
[Date "2008.03.30"]
[Round "1"]
[White "Dol, Ivan"]
[Black "Jergovic, Andrija"]
[Result "1-0"]
[WhiteElo "2211"]
[BlackElo "1976"]
[PlyCount "95"]
[EventDate "2008.03.30"]
[EventType "team-tourn"]
[EventRounds "9"]
[EventCountry "CRO"]
[SourceTitle "EXT 2011"]
[Source "ChessBase"]
[SourceDate "2010.11.26"]
[SourceVersion "1"]
[SourceVersionDate "2010.11.26"]
[SourceQuality "1"]

1. e4 e6 2. Nf3 d5 3. exd5 exd5 4. d4 Nc6 5. c4 Bg4 6. cxd5 Qxd5 7. Be2 0-0-0 8. Nc3 Qa5 9. Be3 Nf6 10. 0-0 Bd6 11. Nb5 Be7 12. Nc3 Nd5 13. Nxd5 Qxd5 14. a3 Bd6 15. h3 h5 16. Rc1 Qf5 17. Rxc6 bxc6 18. Ba6+ Kd7 19. Bd3 Qe6 20. Qc2 Bxf3 21. Bf5 Bd5 22. Bxe6+ Bxe6 23. Rc1 Bd5 24. Qf5+ Ke8 25. Bg5 f6 26. Bf4 Kf7 27. Bxd6 cxd6 28. b4 g6 29. Qd3 Rd7 30. b5 Rc8 31. bxc6 Rdc7 32. Qa6 Bxc6 33. d5 Bxd5 34. Rxc7+ Rxc7 35. Qxd6 Rc1+ 36. Kh2 Be6 37. Qb8 Rc2 38. Qxa7+ Kg8 39. a4 Ra2 40. a5 g5 41. a6 h4 42. Qb8+ Kf7 43. a7 Bd5 44. f3 Ke7 45. Kg1 Kf7 46. Qb1 Ra6 47. Kh2 Ke7 48. Qb5 1-0